000 00335nam a2200133Ia 4500
008 100328s9999 xx 000 0 und d
082 _b31523
100 _aबनारसे वि. ब.
245 _aअघटित
260 _bअजिंक्य
630 _aअघटित
730 _aअघटित
942 _cBOOK
999 _c522393
_d522390